[Event "4NCL Online Division 2"]
[Site "online"]
[Date "2021.03.09"]
[EventDate "2021.03.09"]
[Round "4.23"]
[White "Thompson, Keith"]
[WhiteElo "1930"]
[WhiteTeam "Hull & Beverley Romans 1"]
[Black "Evans, Harry G"]
[BlackElo "1958"]
[BlackTeam "CSC 3"]
[Result "1-0"]
[PlyCount "83"]

1. e4 c6 2. d4 d5 3. Nc3 dxe4 4. Nxe4 Nf6 5. Nxf6+ exf6 6. c3 Bd6 7. Bd3 O-O 8. Qc2 Re8+ 9. Ne2 g6 10. h4 Qc7 11. h5 Re7 12. hxg6 hxg6 13. Be3 Be6 14. Bxg6 fxg6 15. Qxg6+ Rg7 16. Qe8+ Bf8 17. Qxe6+ Qf7 18. Qxf7+ Kxf7 19. g3 Nd7 20. O-O-O Re8 21. Rh3 Nb6 22. Nf4 Nc4 23. Re1 Bd6 24. Ng2 a5 25. b3 Nxe3 26. Rxe3 Reg8 27. Kc2 Ra8 28. Rh4 a4 29. b4 b6 30. Nf4 Bxf4 31. Rxf4 Rh8 32. Rfe4 Rh2 33. Re7+ Kg6 34. Rxg7+ Kxg7 35. Re2 Kg6 36. c4 Kf5 37. d5 cxd5 38. cxd5 Rh8 39. Kd3 Rd8 40. Kd4 Kg4 41. Re4+ Kg5 42. Re6 {[W: 0:19:29; B: 0:22:15]} 1-0

[Event "4NCL Online Division 2"]
[Site "online"]
[Date "2021.03.09"]
[EventDate "2021.03.09"]
[Round "4.24"]
[White "Khoury, Theo"]
[WhiteElo "1813"]
[WhiteTeam "CSC 3"]
[Black "Crow, Stephen"]
[BlackElo "1931"]
[BlackTeam "Hull & Beverley Romans 1"]
[Result "0-1"]
[PlyCount "80"]

1. e4 e6 2. d4 d5 3. Nc3 Bb4 4. exd5 exd5 5. Bd3 Nf6 6. Ne2 Bg4 7. O-O O-O 8. f3 Be6 9. Nf4 c5 10. Nxe6 fxe6 11. a3 Bxc3 12. bxc3 c4 13. Be2 Nc6 14. Be3 Qd6 15. Qd2 Nh5 16. f4 Nf6 17. Bf3 Ne7 18. Rab1 b6 19. a4 Nf5 20. Rfe1 Nh4 21. Qf2 Nxf3+ 22. Qxf3 Ne4 23. Bc1 Qc6 24. Ra1 Rf5 25. a5 b5 26. Ba3 a6 27. g3 Ra7 28. Bb4 Raf7 29. Rad1 g5 30. Qg4 h5 31. Qxh5 gxf4 32. Qh3 fxg3 33. hxg3 Qc7 34. Qg2 Rg7 35. Re3 Rfg5 36. Qh2 Rxg3+ 37. Rxg3 Rxg3+ 38. Kh1 Nf2+ 39. Qxf2 Qh7+ 40. Qh2 Qe4+ {[W: 0:04:14; B: 0:21:19]} 0-1

[Event "4NCL Online Division 2"]
[Site "online"]
[Date "2021.03.09"]
[EventDate "2021.03.09"]
[Round "4.31"]
[White "Lukosius, Rolandas"]
[WhiteElo "2145"]
[WhiteTeam "Wessex Some Stars B"]
[Black "Gostelow, David W"]
[BlackElo "1931"]
[BlackTeam "Shropshire 2"]
[Result "1/2-1/2"]
[PlyCount "72"]

1. c4 e5 2. b3 Nf6 3. Bb2 Nc6 4. e3 d6 5. a3 g6 6. Nf3 Bg7 7. d3 O-O 8. Nbd2 b6 9. Be2 a5 10. O-O Re8 11. Qc2 Bb7 12. Rfd1 Qd7 13. d4 exd4 14. Nxd4 Nxd4 15. Bxd4 Qe7 16. Bf3 Ne4 17. Nxe4 Bxe4 18. Bxe4 Qxe4 19. Qb2 Be5 20. Bxe5 Qxe5 21. Qd4 Re7 22. h3 Kg7 23. Qd5 Rae8 24. b4 axb4 25. axb4 Qb2 26. b5 Re5 27. Qd4 Qxd4 28. exd4 Re2 29. Ra7 R8e7 30. d5 Rc2 31. Rd4 f5 32. g4 Kf6 33. gxf5 Kxf5 34. Kf1 Rc1+ 35. Kg2 Rc2 36. Ra3 Kf6 {[W: 0:00:41; B: 0:01:14]} 1/2-1/2

[Event "4NCL Online Division 2"]
[Site "online"]
[Date "2021.03.09"]
[EventDate "2021.03.09"]
[Round "4.32"]
[White "Pugh, Glyn D"]
[WhiteElo "1923"]
[WhiteTeam "Shropshire 2"]
[Black "McDougall, William"]
[BlackElo "2089"]
[BlackTeam "Wessex Some Stars B"]
[Result "1/2-1/2"]
[PlyCount "131"]

1. e4 c5 2. Nc3 Nc6 3. g3 g6 4. Bg2 Bg7 5. d3 d6 6. Nge2 e6 7. O-O Nge7 8. Bg5 h6 9. Be3 O-O 10. Qd2 Kh7 11. d4 b6 12. Rfd1 Ba6 13. a4 Rc8 14. Nb5 Bxb5 15. axb5 Na5 16. b3 Qc7 17. dxc5 dxc5 18. Bf4 e5 19. Be3 Rfd8 20. Qe1 Ng8 21. Nc3 Nf6 22. Bh3 Rxd1 23. Rxd1 Rd8 24. Nd5 Nxd5 25. exd5 c4 26. b4 Nb7 27. f4 Nd6 28. fxe5 Bxe5 29. Qd2 Bg7 30. Bf4 Re8 31. Qf2 f5 32. g4 fxg4 33. Bxg4 Be5 34. Bxe5 Rxe5 35. Qf4 Qe7 36. Be6 Re4 37. Qf3 Qg5+ 38. Kh1 Rf4 39. Qg2 Qf6 40. Bh3 Rf2 41. Qg3 Qf3+ 42. Qxf3 Rxf3 43. Bd7 Kg7 44. Re1 Rf7 45. Bc6 Nf5 46. Re8 Kf6 47. Rd8 Ke5 48. Re8+ Re7 49. Rg8 g5 50. Rg6 Ne3 51. Rxh6 Nxd5 52. Rh5 Nxb4 53. Rxg5+ Kf4 54. Rg1 Nxc2 55. Rf1+ Kg5 56. Kg1 Ne3 57. Rc1 Rf7 58. h3 Kf4 59. Kf2 Rf6 60. Ke2 Rd6 61. Rc3 Re6 62. Kd2 Nf1+ 63. Kd1 Ne3+ 64. Kd2 Rd6+ 65. Ke2 Re6 66. Kd2 {[W: 0:01:55; B: 0:02:13]} 1/2-1/2

[Event "4NCL Online Division 2"]
[Site "online"]
[Date "2021.03.09"]
[EventDate "2021.03.09"]
[Round "4.34"]
[White "Best, Francis P"]
[WhiteElo "1900"]
[WhiteTeam "Shropshire 2"]
[Black "Anderson, Peter W"]
[BlackElo "2045"]
[BlackTeam "Wessex Some Stars B"]
[Result "0-1"]
[PlyCount "54"]

1. e4 g6 2. d4 Bg7 3. Nc3 d6 4. Be2 a6 5. a4 Nc6 6. Nf3 Nf6 7. h3 O-O 8. O-O e6 9. Bg5 h6 10. Be3 b6 11. Qd2 Kh7 12. Ne1 e5 13. d5 Ne7 14. Nd3 Nd7 15. f3 f5 16. Bf2 f4 17. b4 g5 18. Na2 Nf6 19. c4 h5 20. c5 g4 21. hxg4 hxg4 22. cxb6 g3 23. Bxg3 fxg3 24. Qg5 Bh6 25. Qxg3 Be3+ 26. Nf2 cxb6 27. Kh2 Bf4 {[W: 0:11:22; B: 0:18:55]} 0-1

[Event "4NCL Online Division 2"]
[Site "online"]
[Date "2021.03.09"]
[EventDate "2021.03.09"]
[Round "4.41"]
[White "Young, Alan"]
[WhiteElo "2096"]
[WhiteTeam "White Knights"]
[Black "Broom, Mark"]
[BlackElo "2111"]
[BlackTeam "Horsham 1"]
[Result "1/2-1/2"]
[PlyCount "25"]

1. e4 e5 2. Bc4 Nf6 3. d4 exd4 4. Nf3 Nxe4 5. Qxd4 Nf6 6. Nc3 Nc6 7. Qh4 d5 8. Nxd5 Nxd5 9. Qxd8+ Nxd8 10. Bxd5 Be6 11. Bxe6 Nxe6 12. Be3 Be7 13. O-O-O {[W: 0:36:33; B: 0:31:46]} 1/2-1/2

[Event "4NCL Online Division 2"]
[Site "online"]
[Date "2021.03.09"]
[EventDate "2021.03.09"]
[Round "4.42"]
[White "Roberts, David N"]
[WhiteElo "1942"]
[WhiteTeam "Horsham 1"]
[Black "May, Adam J"]
[BlackElo "1952"]
[BlackTeam "White Knights"]
[Result "1/2-1/2"]
[PlyCount "64"]

1. d4 d5 2. Nf3 e6 3. c4 c6 4. Nc3 dxc4 5. e3 b5 6. a4 Bb4 7. Bd2 a5 8. axb5 Bxc3 9. Bxc3 cxb5 10. b3 Bb7 11. bxc4 b4 12. Bd2 Nf6 13. Bd3 Nbd7 14. O-O O-O 15. Qc2 Qc7 16. e4 e5 17. Bg5 exd4 18. Bxf6 gxf6 19. Nxd4 Kh8 20. Nf5 Nc5 21. Rfd1 Rg8 22. f3 a4 23. Bf1 a3 24. Rdb1 b3 25. Rxb3 Nxb3 26. Qxb3 Qc5+ 27. Kh1 Bc6 28. Qc3 Rg6 29. Nh4 Rh6 30. Nf5 Rg6 31. Nh4 Rh6 32. Nf5 Rg6 {[W: 0:10:15; B: 0:02:08]} 1/2-1/2

[Event "4NCL Online Division 2"]
[Site "online"]
[Date "2021.03.09"]
[EventDate "2021.03.09"]
[Round "4.43"]
[White "Miga, Tomasz"]
[WhiteElo "1822"]
[WhiteTeam "White Knights"]
[Black "Taylor, Alex B"]
[BlackElo "1930"]
[BlackTeam "Horsham 1"]
[Result "0-1"]
[PlyCount "96"]

1. d4 Nf6 2. Nf3 g6 3. g3 Bg7 4. Bg2 d6 5. O-O O-O 6. c4 Nc6 7. h3 Nd7 8. Nc3 e5 9. d5 Ne7 10. e4 f5 11. Ng5 Nf6 12. exf5 Bxf5 13. Kh2 Qc8 14. Qb3 Rb8 15. c5 h6 16. Nge4 Nxe4 17. Nxe4 Qd8 18. f4 Kh7 19. g4 Bxe4 20. Bxe4 Kh8 21. Qd3 exf4 22. Bxf4 Rxf4 23. Rxf4 Be5 24. Kg2 Bxf4 25. Rf1 g5 26. h4 Qg8 27. hxg5 Bxg5 28. cxd6 cxd6 29. Qd4+ Qg7 30. Qxa7 Rg8 31. Qxb7 Qe5 32. Bf3 Bh4 33. Qb3 Qg3+ 34. Kh1 Qh3+ 35. Kg1 Bg3 36. Qc3+ Be5 37. Qd2 Nf5 38. Rf2 Bd4 39. Bg2 Bxf2+ 40. Qxf2 Qxg4 41. Kh2 Qg3+ 42. Qxg3 Rxg3 43. Be4 Rg5 44. b4 Ne3 45. a4 Ng4+ 46. Kg3 Nf6+ 47. Kf4 Rg4+ 48. Kf3 Rxe4 {[W: 0:04:57; B: 0:01:09]} 0-1

[Event "4NCL Online Division 2"]
[Site "online"]
[Date "2021.03.09"]
[EventDate "2021.03.09"]
[Round "4.44"]
[White "Ashby, Nicholas G"]
[WhiteElo "1893"]
[WhiteTeam "Horsham 1"]
[Black "Daniel, Christopher"]
[BlackElo "1630"]
[BlackTeam "White Knights"]
[Result "1-0"]
[PlyCount "71"]

1. d4 Nf6 2. Bg5 Ne4 3. Bf4 g5 4. Be5 Nf6 5. Bxf6 exf6 6. e4 d6 7. Nc3 Nc6 8. Bb5 Bd7 9. Nd5 a6 10. Ba4 Bg7 11. c3 Ne7 12. Bxd7+ Qxd7 13. c4 Nxd5 14. cxd5 O-O 15. h4 Rfe8 16. Qd3 Qg4 17. Nf3 Rxe4+ 18. Kf1 Rae8 19. hxg5 fxg5 20. Rh3 h6 21. Rc1 R4e7 22. a4 Qf4 23. Nd2 Re2 24. Qxe2 Rxe2 25. Kxe2 Bxd4 26. Rf3 Qe5+ 27. Kf1 Bc5 28. Re1 Qxd5 29. Ne4 Qc4+ 30. Kg1 Bb4 31. Nf6+ Kg7 32. Re8 h5 33. Nxh5+ Kg6 34. Nf6 g4 35. Rg8+ Kh6 36. Nxg4+ {[W: 0:10:44; B: 0:04:52]} 1-0

[Event "4NCL Online Division 2"]
[Site "online"]
[Date "2021.03.09"]
[EventDate "2021.03.09"]
[Round "4.51"]
[White "Jamroz, Viktor"]
[WhiteElo "2045"]
[WhiteTeam "Kent KJCA Kestrels B"]
[Black "Smith, Olivia"]
[BlackTitle "WFM"]
[BlackElo "2172"]
[BlackTeam "Fischerâ€™s Catch"]
[Result "1-0"]
[PlyCount "69"]

1. e4 d5 2. exd5 Nf6 3. Nf3 Nxd5 4. d4 g6 5. Be2 Bg7 6. O-O O-O 7. c4 Nb6 8. h3 Nc6 9. d5 Na5 10. Na3 c6 11. Qe1 Na4 12. Qb4 b5 13. cxb5 cxb5 14. Bxb5 Nxb2 15. Bxb2 Bxb2 16. Qxb2 Rb8 17. Qd4 a6 18. Bd3 Qd6 19. Nc4 Nxc4 20. Bxc4 Bf5 21. Nh4 Bd7 22. Rab1 Rbc8 23. Rfc1 e5 24. Qe3 Qf6 25. Nf3 e4 26. Nd4 Qe5 27. Nc6 Qe8 28. Bxa6 Ra8 29. Bc4 f5 30. d6+ Kg7 31. Qd4+ Kh6 32. Ne5 g5 33. Rb7 Rd8 34. Bb5 Bxb5 35. Ng4+ {[W: 0:11:06; B: 0:11:46]} 1-0

[Event "4NCL Online Division 2"]
[Site "online"]
[Date "2021.03.09"]
[EventDate "2021.03.09"]
[Round "4.52"]
[White "Rathbone-Jones, Ifan"]
[WhiteElo "2023"]
[WhiteTeam "Fischerâ€™s Catch"]
[Black "Merriman, James"]
[BlackElo "1944"]
[BlackTeam "Kent KJCA Kestrels B"]
[Result "0-1"]
[PlyCount "104"]

1. d4 Nf6 2. Bf4 c5 3. e3 g6 4. c3 Bg7 5. dxc5 a5 6. Na3 Na6 7. Bxa6 Rxa6 8. Nf3 Rc6 9. Qd4 O-O 10. Be5 b6 11. cxb6 d6 12. Bxf6 Bxf6 13. Qd2 Ba6 14. Nd4 Rxb6 15. c4 Qb8 16. Qxa5 Rxb2 17. O-O Qb6 18. Qxb6 Rxb6 19. Rab1 Rfb8 20. Rxb6 Rxb6 21. Nab5 Bxd4 22. exd4 Bxb5 23. Rb1 Ra6 24. cxb5 Rxa2 25. b6 Ra8 26. d5 Kf8 27. Kf1 e6 28. Ke2 Ke7 29. Kd3 Kd7 30. Kc4 exd5+ 31. Kb5 Ra2 32. Rc1 Rxf2 33. b7 Rxg2 34. Rc8 Rxh2 35. b8=Q Rb2+ 36. Ka4 Rxb8 37. Rxb8 h5 38. Kb3 h4 39. Kc3 g5 40. Kd4 Ke6 41. Rb1 Kf5 42. Rf1+ Kg4 43. Rxf7 Kg3 44. Rf5 g4 45. Ke3 h3 46. Rxd5 h2 47. Rd1 Kg2 48. Rd2+ Kh3 49. Rd1 g3 50. Kf3 d5 51. Ra1 d4 52. Rd1 g2 {[W: 0:09:32; B: 0:00:49]} 0-1

[Event "4NCL Online Division 2"]
[Site "online"]
[Date "2021.03.09"]
[EventDate "2021.03.09"]
[Round "4.53"]
[White "Bansal, Saahil"]
[WhiteElo "2006"]
[WhiteTeam "Kent KJCA Kestrels B"]
[Black "Sivarajasingam, Shayanna"]
[BlackElo "1967"]
[BlackTeam "Fischerâ€™s Catch"]
[Result "1/2-1/2"]
[PlyCount "67"]

1. d4 d5 2. c4 e6 3. Nc3 Nf6 4. cxd5 exd5 5. Bg5 c6 6. Qc2 Be7 7. e3 h6 8. Bh4 O-O 9. Bd3 Nbd7 10. Nf3 Re8 11. O-O Ne4 12. Bxe7 Qxe7 13. Nd2 Ndf6 14. Ndxe4 Nxe4 15. Nxe4 dxe4 16. Be2 Qg5 17. Rfd1 Be6 18. Rac1 Bd5 19. Bc4 Bxc4 20. Qxc4 Rad8 21. Qc5 Qxc5 22. Rxc5 Rd5 23. Rxd5 cxd5 24. Rc1 Re6 25. Rc5 Rc6 26. b4 Ra6 27. Rxd5 Rxa2 28. g3 Rb2 29. b5 Rb1+ 30. Kg2 Kf8 31. Re5 b6 32. h4 f6 33. Rd5 Ke7 34. g4 {[W: 0:27:58; B: 0:06:28]} 1/2-1/2

[Event "4NCL Online Division 2"]
[Site "online"]
[Date "2021.03.09"]
[EventDate "2021.03.09"]
[Round "4.54"]
[White "Sivarajasingam, Venetia"]
[WhiteElo "2023"]
[WhiteTeam "Fischerâ€™s Catch"]
[Black "Keenan, Brendan"]
[BlackElo "1927"]
[BlackTeam "Kent KJCA Kestrels B"]
[Result "1-0"]
[PlyCount "61"]

1. e4 c6 2. d4 d5 3. Nc3 dxe4 4. Nxe4 Bf5 5. Ng3 Bg6 6. h4 h6 7. Nf3 Nd7 8. h5 Bh7 9. Be2 e6 10. Bd3 Bxd3 11. Qxd3 Ngf6 12. Bd2 Be7 13. O-O-O Qb6 14. Ne4 Rd8 15. Qe2 Nxe4 16. Qxe4 Nf6 17. Qe2 c5 18. c3 O-O 19. g4 Nxg4 20. Rdg1 f5 21. Bf4 cxd4 22. Nxd4 e5 23. Bxe5 Nxe5 24. Qxe5 Qf6 25. Qe6+ Qf7 26. Qxh6 Rd6 27. Rg6 Rf6 28. Rhg1 Rxg6 29. Rxg6 Bf6 30. Nxf5 Qe6 31. Rxg7+ {Time forfeit} {[W: 0:00:29; B: 0:00:19]} 1-0

[Event "4NCL Online Division 2"]
[Site "online"]
[Date "2021.03.09"]
[EventDate "2021.03.09"]
[Round "4.61"]
[White "Burrows, Martin P"]
[WhiteElo "2175"]
[WhiteTeam "Wigston 1"]
[Black "Walkusz, Miroslaw"]
[BlackTitle "CM"]
[BlackElo "2174"]
[BlackTeam "Harrow 2"]
[Result "0-1"]
[PlyCount "64"]

1. e4 c5 2. Nf3 d6 3. Bb5+ Bd7 4. Bxd7+ Qxd7 5. O-O Nc6 6. Qe2 g6 7. c3 Bg7 8. Rd1 e5 9. d3 Nge7 10. a3 O-O 11. b4 b6 12. Bb2 f5 13. exf5 gxf5 14. Nbd2 Ng6 15. Rab1 Rae8 16. b5 Nd8 17. c4 e4 18. Ne1 Nf4 19. Qf1 Bxb2 20. Rxb2 Nde6 21. dxe4 Qg7 22. Rb3 Nd4 23. Re3 fxe4 24. Kh1 Qb7 25. Nb3 Nf5 26. Rc3 e3 27. fxe3 Rxe3 28. Rdc1 Qg7 29. Rxe3 Nxe3 30. Qg1 Ne2 31. Qxe3 Rf1+ 32. Qg1 Rxg1# {[W: 0:08:50; B: 0:09:43]} 0-1

[Event "4NCL Online Division 2"]
[Site "online"]
[Date "2021.03.09"]
[EventDate "2021.03.09"]
[Round "4.62"]
[White "Dhemrait, Jagdeep"]
[WhiteElo "2024"]
[WhiteTeam "Harrow 2"]
[Black "Agnew, Alan"]
[BlackElo "2140"]
[BlackTeam "Wigston 1"]
[Result "0-1"]
[PlyCount "90"]

1. e4 c6 2. d4 d5 3. e5 c5 4. c3 Nc6 5. Nf3 cxd4 6. cxd4 Bg4 7. Be2 e6 8. O-O Nge7 9. Na3 Nf5 10. Nc2 Qb6 11. Be3 Be7 12. Rb1 a5 13. a3 a4 14. Qd3 O-O 15. Rfd1 Na5 16. Nd2 Bxe2 17. Qxe2 Rfc8 18. Rdc1 Rc6 19. Qd1 Rac8 20. Ne1 Rxc1 21. Rxc1 Rxc1 22. Qxc1 Nxd4 23. Kh1 Qc6 24. Qd1 Nf5 25. Nc2 Nxe3 26. Nxe3 h6 27. Nf3 Nb3 28. h3 Bc5 29. Kg1 Bxe3 30. fxe3 Qc1 31. Qxc1 Nxc1 32. Ne1 f6 33. exf6 gxf6 34. Kf2 e5 35. Kf3 e4+ 36. Kf4 Nd3+ 37. Nxd3 exd3 38. Kf3 Kf7 39. Kf2 Ke6 40. Kf3 f5 41. Kf2 Ke5 42. Kf3 h5 43. g3 b6 44. h4 b5 45. Kg2 d2 {[W: 0:16:31; B: 0:05:22]} 0-1

[Event "4NCL Online Division 2"]
[Site "online"]
[Date "2021.03.09"]
[EventDate "2021.03.09"]
[Round "4.63"]
[White "Horspool, Philip J"]
[WhiteElo "2040"]
[WhiteTeam "Wigston 1"]
[Black "O'shea, Colm"]
[BlackElo "1691"]
[BlackTeam "Harrow 2"]
[Result "0-1"]
[PlyCount "118"]

1. e4 c5 2. Nc3 Nc6 3. Bb5 Nd4 4. Bc4 Nf6 5. Nge2 a6 6. a4 e6 7. d3 Nc6 8. O-O Be7 9. d4 d5 10. exd5 exd5 11. Ba2 Be6 12. dxc5 d4 13. Bxe6 fxe6 14. Na2 Bxc5 15. Nf4 e5 16. Ne6 Qe7 17. Nxc5 Qxc5 18. b4 Qc4 19. Qd3 Qxd3 20. cxd3 Nd5 21. Bd2 b5 22. Rac1 Kd7 23. a5 Rac8 24. Rc5 Kd6 25. Rfc1 Nce7 26. Kf1 Rxc5 27. Rxc5 Nc6 28. Rc2 Rf8 29. Ke2 Nf4+ 30. Bxf4 exf4 31. Rb2 Re8+ 32. Kd2 Re6 33. Nc1 Rg6 34. g3 f3 35. Nb3 Rh6 36. h4 g5 37. Nc5 gxh4 38. gxh4 Rxh4 39. Nxa6 Rh2 40. Ke1 Rh1+ 41. Kd2 Rf1 42. Nc5 Rxf2+ 43. Kc1 Rxb2 44. Kxb2 Nxb4 45. Ne4+ Ke5 46. Kb3 Na6 47. Kc2 Kf4 48. Kd2 h5 49. Nf2 b4 50. Ke1 Ke3 51. Kf1 b3 52. Ke1 h4 53. Kf1 Kd2 54. Ne4+ Kxd3 55. Nf2+ Kc2 56. Ke1 b2 57. Nd1 h3 58. Nxb2 Kxb2 59. Kf2 h2 {[W: 0:00:35; B: 0:04:21]} 0-1

[Event "4NCL Online Division 2"]
[Site "online"]
[Date "2021.03.09"]
[EventDate "2021.03.09"]
[Round "4.64"]
[White "Dhemrait, Surjit S"]
[WhiteElo "1640"]
[WhiteTeam "Harrow 2"]
[Black "Turner, Lewis A"]
[BlackElo "1917"]
[BlackTeam "Wigston 1"]
[Result "0-1"]
[PlyCount "62"]

1. e4 c5 2. f4 d5 3. e5 Nc6 4. Nf3 e6 5. Be2 Be7 6. O-O Nh6 7. c3 d4 8. Bb5 Qb6 9. Bxc6+ Qxc6 10. cxd4 cxd4 11. d3 Qb6 12. Nbd2 Bd7 13. Nc4 Qc5 14. Qb3 b5 15. Ncd2 O-O 16. Ne4 Qb6 17. Bd2 a5 18. Qd1 Bc6 19. Nfg5 Bd5 20. b3 Ba3 21. Qh5 Bxe4 22. Nxe4 Nf5 23. Rf3 Rac8 24. Rh3 h6 25. g4 g6 26. Nf6+ Kg7 27. Nd7 Qc6 28. Nxf8 gxh5 29. gxf5 exf5 30. Rxh5 Kxf8 31. Rxf5 Qg6+ {[W: 0:40:25; B: 0:32:50]} 0-1

[Event "4NCL Online Division 2"]
[Site "online"]
[Date "2021.03.09"]
[EventDate "2021.03.09"]
[Round "4.71"]
[White "Goldberg, Jeff A"]
[WhiteElo "2060"]
[WhiteTeam "Anglia Avengers 2"]
[Black "Dinter, Brian"]
[BlackElo "2272"]
[BlackTeam "Stroud Youngies"]
[Result "1/2-1/2"]
[PlyCount "165"]

1. d4 d5 2. c4 c6 3. cxd5 cxd5 4. Nc3 Nf6 5. Bf4 Nc6 6. e3 Bf5 7. Qb3 Na5 8. Qa4+ Bd7 9. Qc2 e6 10. h3 Rc8 11. Bd3 Be7 12. Nf3 O-O 13. Ne5 Nc6 14. a3 Nxe5 15. Bxe5 h6 16. O-O b5 17. Qe2 a6 18. Rfc1 Qb6 19. b4 Rc6 20. Qb2 Rfc8 21. Na2 Ne8 22. Rxc6 Rxc6 23. Rc1 Nd6 24. Bxd6 Bxd6 25. Rxc6 Bxc6 26. Nc1 a5 27. Bc2 Qc7 28. Nd3 a4 29. Qc3 Bd7 30. Qxc7 Bxc7 31. h4 g5 32. hxg5 hxg5 33. g3 Kg7 34. Kg2 Bc6 35. f4 gxf4 36. gxf4 f6 37. Kf2 Kf7 38. Bd1 Ke7 39. Ke1 Kd6 40. Bh5 Bd8 41. Kd2 Be7 42. Kc3 Bf8 43. Bg6 Bh6 44. Bh5 Bg7 45. Bg6 Bd7 46. Kd2 Ke7 47. Bh5 Be8 48. Bxe8 Kxe8 49. Nf2 Kd7 50. Nd1 Kc6 51. Nc3 e5 52. fxe5 fxe5 53. Kd3 exd4 54. exd4 Bh6 55. Ne2 Bg5 56. Kc2 Kd6 57. Nc3 Kc6 58. Ne2 Be3 59. Kd3 Bf2 60. Kd2 Kd6 61. Nc3 Bxd4 62. Nxb5+ Ke5 63. Nxd4 Kxd4 64. Kc2 Kc4 65. Kd2 d4 66. Kc2 d3+ 67. Kd2 Kd4 68. b5 Kc5 69. Kxd3 Kxb5 70. Kd4 Kb6 71. Kc4 Ka5 72. Kc5 Ka6 73. Kb4 Kb6 74. Kxa4 Ka6 75. Kb4 Kb6 76. a4 Ka6 77. a5 Ka7 78. Kb5 Kb7 79. a6+ Ka7 80. Ka5 Ka8 81. Kb6 Kb8 82. a7+ Ka8 83. Ka6 {[W: 0:04:27; B: 0:14:37]} 1/2-1/2

[Event "4NCL Online Division 2"]
[Site "online"]
[Date "2021.03.09"]
[EventDate "2021.03.09"]
[Round "4.72"]
[White "Southcott-Moyers, Indy"]
[WhiteElo "1656"]
[WhiteTeam "Stroud Youngies"]
[Black "Peck, Silas"]
[BlackElo "1983"]
[BlackTeam "Anglia Avengers 2"]
[Result "1-0"]
[PlyCount "77"]

1. d4 d5 2. c4 e6 3. Nc3 Nf6 4. Bg5 Be7 5. e3 O-O 6. Nf3 Nbd7 7. Bd3 c6 8. O-O dxc4 9. Bxc4 Nd5 10. Bxe7 Qxe7 11. e4 Nxc3 12. bxc3 e5 13. Bd3 b6 14. Qc2 Bb7 15. Nxe5 Nxe5 16. dxe5 Qxe5 17. f4 Qe7 18. e5 h6 19. Rae1 c5 20. Be4 Bxe4 21. Qxe4 Rad8 22. f5 Qg5 23. Rf3 Rfe8 24. Rg3 Qd2 25. f6 g6 26. Rxg6+ Kh8 27. Rg7 Qd3 28. Rh7+ Kg8 29. Qg4+ Qg6 30. Rg7+ Kf8 31. Rxg6 fxg6 32. Qxg6 Re6 33. Qg7+ Ke8 34. f7+ Kd7 35. f8=Q+ Kc8 36. Qff7 Re7 37. Qxe7 Rd7 38. Qxd7+ Kb8 39. Qg8# {[W: 0:29:44; B: 0:02:51]} 1-0

[Event "4NCL Online Division 2"]
[Site "online"]
[Date "2021.03.09"]
[EventDate "2021.03.09"]
[Round "4.73"]
[White "Hampton, Christopher"]
[WhiteElo "1942"]
[WhiteTeam "Anglia Avengers 2"]
[Black "Carey, Alex"]
[BlackElo "1517"]
[BlackTeam "Stroud Youngies"]
[Result "0-1"]
[PlyCount "74"]

1. d4 d5 2. c4 e6 3. Nc3 c6 4. e3 Nf6 5. Nf3 Nbd7 6. b3 Bb4 7. Bd2 O-O 8. Bd3 Re8 9. O-O Qc7 10. Rc1 Bxc3 11. Bxc3 b6 12. cxd5 exd5 13. Bb2 h6 14. Qc2 Bb7 15. Rfd1 Rac8 16. h3 Qd8 17. Qe2 Ne4 18. Ba6 Bxa6 19. Qxa6 Rc7 20. Qe2 Rc8 21. Nd2 Ndf6 22. Rc2 Qd7 23. Rdc1 Re6 24. Nf3 Nh7 25. Ne5 Qe8 26. Qd3 Nf8 27. Ba3 Ng6 28. Nxg6 Rxg6 29. f3 Ng5 30. Kf2 Qd7 31. h4 Ne6 32. Rd2 Qc7 33. Rdc2 Qg3+ 34. Kf1 Qxh4 35. Rf2 Re8 36. Bd6 Qh1+ 37. Ke2 Qxc1 {[W: 0:10:02; B: 0:03:50]} 0-1

[Event "4NCL Online Division 2"]
[Site "online"]
[Date "2021.03.09"]
[EventDate "2021.03.09"]
[Round "4.74"]
[White "Edwards, Jacob"]
[WhiteElo "1420"]
[WhiteTeam "Stroud Youngies"]
[Black "Marshall, Michael"]
[BlackElo "1824"]
[BlackTeam "Anglia Avengers 2"]
[Result "1/2-1/2"]
[PlyCount "168"]

1. d4 Nf6 2. Bf4 c5 3. c3 Qb6 4. Qd2 cxd4 5. cxd4 Nc6 6. e3 d5 7. Nc3 Bf5 8. Nf3 e6 9. Bb5 Rc8 10. Ne5 Be7 11. O-O O-O 12. Bg5 Qd8 13. Bf4 a6 14. Nxc6 bxc6 15. Bxa6 Ra8 16. Bd3 Bxd3 17. Qxd3 Nh5 18. Ne2 Nxf4 19. Nxf4 Qc7 20. Rfc1 Bd6 21. a3 e5 22. Nxd5 Qb7 23. Nb4 Bxb4 24. Qb3 exd4 25. exd4 Qa6 26. Qxb4 Rab8 27. Qc3 Rfd8 28. Qxc6 Qxc6 29. Rxc6 Rxb2 30. g3 g6 31. Rc4 Rd2 32. Kg2 R2xd4 33. Rxd4 Rxd4 34. Kf3 Ra4 35. Ke3 Kf8 36. Kd3 h5 37. Kc3 Ke7 38. Kb3 Ra8 39. a4 Kd6 40. Rc1 Rb8+ 41. Ka3 Ra8 42. Rc4 Rb8 43. a5 f5 44. f4 Rb1 45. Ka4 Kd5 46. Rb4 Ra1+ 47. Kb5 Kd6 48. a6 Kc7 49. Rc4+ Kb8 50. Rc6 Rb1+ 51. Kc5 Rc1+ 52. Kd6 Rd1+ 53. Ke6 Rh1 54. Kf7 Rxh2 55. Rxg6 h4 56. gxh4 Rxh4 57. Rb6+ Ka7 58. Rb4 Kxa6 59. Kf6 Ka5 60. Rd4 Kb5 61. Kxf5 Kc5 62. Ra4 Kd6 63. Kg5 Rh1 64. f5 Ke7 65. Ra7+ Kf8 66. Kg6 Rb1 67. Rd7 Ke8 68. Rg7 Rf1 69. f6 Kf8 70. Rf7+ Kg8 71. Re7 Rg1+ 72. Kf5 Rf1+ 73. Ke6 Kf8 74. Rh7 Re1+ 75. Kd7 Rd1+ 76. Ke6 Re1+ 77. Kf5 Rf1+ 78. Ke5 Re1+ 79. Kf4 Rf1+ 80. Kg5 Rg1+ 81. Kh6 Rh1+ 82. Kg6 Rxh7 83. Kxh7 Kf7 84. Kh6 Kxf6 {[W: 0:36:29; B: 0:04:08]} 1/2-1/2

[Event "4NCL Online Division 2"]
[Site "online"]
[Date "2021.03.09"]
[EventDate "2021.03.09"]
[Round "4.81"]
[White "Carmichael, Ned"]
[WhiteElo "1855"]
[WhiteTeam "Hull & Beverley Romans 2"]
[Black "Menadue, Jeremy F S"]
[BlackElo "2058"]
[BlackTeam "Trelawny's Army"]
[Result "1/2-1/2"]
[PlyCount "28"]

1. c4 c6 2. Nc3 d5 3. d4 Nf6 4. Nf3 dxc4 5. a4 Na6 6. e4 Be6 7. Ne5 Qa5 8. Bxc4 Bxc4 9. Nxc4 Qb4 10. Ne5 Nxe4 11. Qf3 Nf6 12. Nxc6 Qb6 13. Ne5 e6 14. O-O Nc7 {[W: 0:16:28; B: 0:05:00]} 1/2-1/2

[Event "4NCL Online Division 2"]
[Site "online"]
[Date "2021.03.09"]
[EventDate "2021.03.09"]
[Round "4.82"]
[White "Kneebone, Robin F G"]
[WhiteElo "2109"]
[WhiteTeam "Trelawny's Army"]
[Black "Greep, Stephen"]
[BlackElo "1632"]
[BlackTeam "Hull & Beverley Romans 2"]
[Result "1-0"]
[PlyCount "31"]

1. d4 Nf6 2. c4 g6 3. Nc3 Bg7 4. e4 d6 5. Nf3 O-O 6. Be2 Nbd7 7. O-O c5 8. d5 Nb6 9. a4 Bg4 10. Qb3 Qc8 11. h3 Bxh3 12. gxh3 Qxh3 13. Ng5 Qh4 14. Kg2 Ng4 15. Nf3 Qf6 16. Bg5 {[W: 0:36:10; B: 0:35:36]} 1-0

[Event "4NCL Online Division 2"]
[Site "online"]
[Date "2021.03.09"]
[EventDate "2021.03.09"]
[Round "4.83"]
[White "Johnstone, J Gerry"]
[WhiteElo "1669"]
[WhiteTeam "Hull & Beverley Romans 2"]
[Black "Retallick, Lloyd"]
[BlackElo "1982"]
[BlackTeam "Trelawny's Army"]
[Result "1/2-1/2"]
[PlyCount "32"]

1. e4 c6 2. d4 d5 3. exd5 cxd5 4. Bd3 Nf6 5. c3 Nc6 6. Bf4 Bg4 7. Qb3 Qd7 8. Nd2 e6 9. Ngf3 Bxf3 10. Nxf3 Bd6 11. Bxd6 Qxd6 12. O-O O-O 13. Rfe1 Rfc8 14. Re2 a6 15. a4 Rab8 16. Qd1 Na5 {[W: 0:27:56; B: 0:25:51]} 1/2-1/2